00422nam a2200145Ia 450000500170000000800460001703700120006304000200007504100130009508400220010810000230013024500490015326000650020230000090026720250508162824.0008 250505s9999 xx 000 0 eng d aTextual aFEDLbengcFEDL aeng2eng a954.02, LANqFEDL aLane-Poole Stanley 0aAurangzib and the decay of the Mughal empire aNew Delhi, IndiabAtlantic Publishers and Distributorsc1991 a212p